=LDR 00000nam 2200000 4500 =001 INLIS000000000038269 =005 20141202114142.0 =006 =007 =008 Ind =035 ##$$a 0010-061300000038269 =041 ##$$a Ind =082 ##$$a 641.8 =090 ##$$a 641.8, Emi a =100 ##$$a Emir, Threes =245 ##$$a Aneka sushi untuk snack dan bekal praktis Healthy reape for kids, Threes Emir; Editor, Intarina Hardiman =260 ##$$a 2011 $b Jakarta =300 ##$$a 47 hlm, Ilus, 23 cm =650 ##$$a Snack =700 ##$$a Hardiman, Intarina =850 ##$$a NBPNMAT